01187nam a2200205Ia 4500001001300000003001000013005001700023008004100040040002500081041000700106100005900113245002600172260002800198300001200226500005600238501002800294520062300322650002500945654001100970a1824-44739 IT-MiCISF20260319134214.0161014s9999||||xx |||||||||||||| ||und|| aIT-MiCISFcIT-MiCISF ait aToro Maria Beatrice, Cantelmi Tonino, Parsi Maria Rita 0aUn bambino maleducato a Milano,bSalani,c2007 app. 136 a / infanzia, malattia, terapia, famiglia, scuola /  aa cura di Tamburrini A. aQuali sono i bambini iperattivi e quali quelli che semplicemente hanno difficoltà a concentrarsi o sono vivaci? I contorni di questo disturbo non sono ancora stati definiti con precisione e diagnosticarlo è molto difficile. Un bambino infatti su cinque soffre di disturbi psicologici, e sempre più spesso si parla di bambini iperattivi e disattenti, ma raramente con chiarezza. Questo libro aiuta a elaborare strumenti diagnostici più precisi e fornisce agli adulti indicazioni utili per distinguere un bambino da curare da uno che ha semplicemente un leggero disagio emotivo, non risolvibile con le medicine. aEtà-evolutivae008 asaggio